| 000 | 01645nam a2200349 a 4500 | ||
|---|---|---|---|
| 003 | EG-GiCUC | ||
| 005 | 20250223025517.0 | ||
| 008 | 090131s2008 ua dh f m 000 0 eng d | ||
| 040 |
_aEG-GiCUC _beng _cEG-GiCUC |
||
| 041 | 0 | _aeng | |
| 049 | _aDeposite | ||
| 097 | _aPh.D | ||
| 099 | _aCai01.11.10.Ph.D.2008.Mo.S | ||
| 100 | 0 | _aMostafa Ibrahim Attia Abdellatif | |
| 245 | 1 | 0 |
_aStudy of the effect of dinitrochlorobenzene DNCB on T helper 1 & T helper 2 response in lepromatous leprosy / _cMostafa Ibrahim Attia Abdellatif ; Supervised Mohammad Ali Eldarouty , Salounaz Ali Marzouk , Laila Rashid |
| 246 | 1 | 5 | _aدراسة تأثير الداى نيترو كلورو بنزين على الخلايا الليمفاوية تى المساعدة 1 والمساعدة 2 فى مرض الجذام الجذامى |
| 260 |
_aCairo : _bMostafa Ibrahim Attia Abdellatif , _c2008 |
||
| 300 |
_a89 P. : _bcharts , facsimiles ; _c25cm |
||
| 502 | _aThesis (Ph.D.) - Cairo University - Faculty of Medicine - Department of Dermatology and Venerology | ||
| 520 | _aLeprosy is a chronic infectious disease caused by mycobacterium leprae it has long been recognized that leprosy clusters in families and it is often regarded as a genetic disease | ||
| 530 | _aIssued also as CD | ||
| 653 | 4 | _a Leprosy | |
| 653 | 4 | _aDinitrochlorobenzene | |
| 653 | 4 | _aT helper cells | |
| 700 | 0 |
_aLaila Rashid , _eSupervisor |
|
| 700 | 0 |
_aMohammad Ali Eldarouty , _eSupervisor |
|
| 700 | 0 |
_aSalounaz Ali Marzouk , _eSupervisor |
|
| 856 | _uhttp://172.23.153.220/th.pdf | ||
| 905 |
_aEnas _eCataloger |
||
| 905 |
_aMustafa _eRevisor |
||
| 942 |
_2ddc _cTH |
||
| 999 |
_c14555 _d14555 |
||